000 00585cam a2200217 a 4500
001 4448261
005 20240208054347.0
008 940414s1994 ii ab b 001 0 eng
020 _a0706976681 :
040 _aDLC
_cDLC
_dDLC
082 0 0 _a306.83
_220
_bGOV.
100 0 _aGovindan Unny,
245 1 0 _aKinship systems in South and Southeast Asia :
_ba study /
_cGovindan Unny.
260 _aNew Delhi :
_bVikas Pub. House,
_c1994.
300 _axii, 233 p. :
650 0 _aKinship
650 0 _aKinship
650 0 _aNairs
650 0 _aMinangkabau (Indonesian people)
942 _cL
999 _c348
_d348